RÝCHLE IMPLEMENTÁCIE ŠIFROVACEJ METÓDY RSA

Bibliographic Details
Main Authors: Turčaník, Michal, 1974- (Author), Líška, Miroslav (Author)
Format: Article
Language:Slovak

MARC

LEADER 00000nab a2200000 a 4500
001 vtls011132468
003 SK-MaSNL
005 20260303151037.0
008 230222|1999 xo |||||||||||||||||slo|
015 |a SNBRB 
035 |a (uuid)19173a1e-74dc-485a-a326-2aed2776f97e 
035 |a (urnnbn)urn:nbn:sk:snk:ar-a09mnq 
035 |a urn:nbn:sk:snk-abaaaq 
040 |a SNKBUCL  |b slo  |c SNKBUCL  |e AACR2 
041 0 |a slo 
044 |a xo  |c SK 
100 1 |a Turčaník, Michal,  |d 1974-  |4 aut  |9 203164 
245 1 0 |a RÝCHLE IMPLEMENTÁCIE ŠIFROVACEJ METÓDY RSA  |c Michal Turčaník, Miroslav Líška 
700 1 |a Líška, Miroslav  |4 aut 
773 0 |t Zborník Vojenskej akadémie Slovenského národného povstania  |g Roč. 6, č. 3 (1999), s. 55-68 
954 |a odborná, vedecká literatúra pôvodná (slovenská)  |2 lita 
958 |a OND 
958 |a EUIPO 
958 |a article13 
999 |c 2015489  |d 2017419